Chemistry problems and how to solve them

Problems in chemistry workbook with solutions. Complete with index and all applicable tables. Excellent sourcebook for chemistry students and teachers.

Kaydedildi:
Detaylı Bibliyografya
Yazar: Frey, Paul R.
Materyal Türü: Kitap
Dil:Undetermined
Baskı/Yayın Bilgisi: New York Barnes and Noble 1965
Konular:
Etiketler: Etiketle
Etiket eklenmemiş, İlk siz ekleyin!
Thư viện lưu trữ: Trung tâm Học liệu Trường Đại học Cần Thơ
LEADER 00685nam a2200205Ia 4500
001 CTU_2733
008 210402s9999 xx 000 0 und d
082 |a 540.076 
082 |b F893 
100 |a Frey, Paul R. 
245 0 |a Chemistry problems and how to solve them 
245 0 |c Paul R. Frey 
260 |a New York 
260 |b Barnes and Noble 
260 |c 1965 
520 |a Problems in chemistry workbook with solutions. Complete with index and all applicable tables. Excellent sourcebook for chemistry students and teachers. 
650 |a Chemistry 
650 |x Problems, exercises 
904 |i Minh, Qhieu sua 
980 |a Trung tâm Học liệu Trường Đại học Cần Thơ